000 00311nam a22001337a 4500
008 171011b xxu||||| |||| 00| 0 eng d
020 _a`9780470424094
041 _aeng
080 _a316
100 _a50
101 _aSOC
245 _aNEW DIRECTIONS FOR YOUTH DEVELOPMENT
_cLEGGE.S
942 _2udc
_cBK
999 _c33208
_d33208